| 000 | 00709nam a22002411c 4500 | ||
|---|---|---|---|
| 001 | a987676720 | ||
| 008 | 160708s2010 gw |||| 000u rus d | ||
| 020 |
_a9785858873525 _9978-5-85887-352-5 |
||
| 041 | _arus | ||
| 245 | 0 | 0 |
_aOstrakizm po-bol'ševistski : _bPresledovanija političeskich opponentov v 1921-1924 gg. |
| 264 |
_aMoskva : _bRusskij put', _c2010 |
||
| 300 | _a800 S. | ||
| 600 | 0 | _aStalin, Iosif Vissarionovič | |
| 650 | 0 | _aPolitische Kultur | |
| 650 | 0 | _aKPSS | |
| 650 | 0 | _aOpposition | |
| 650 | 0 | _aRepression | |
| 700 | 1 |
_aMakarov, V. G. _eHerausgeberIn |
|
| 700 | 1 |
_aChristoforov, Vasilij Stepanovič _eHerausgeberIn |
|
| 942 | _cMG | ||
| 040 | _cRU-10907106 | ||
| 003 | RU-10907106 | ||
| 999 |
_c37229 _d37229 |
||